Statistiken für Länder, die einen Buchstaben enthalten - U

Klicken Sie hier um das Quiz zu spielen!

Allgemein

  • Dieses Quiz wurde 441 mal gespielt
  • Das Durchschnittsergebnis liegt bei 44 aus 66

Antwortstatistiken

HinweisLand% Korrekt
3 x UUruguay
93%
1 x URussland
89%
1 x UUsbekistan
89%
1 x UUganda
88%
1 x UDeutschland
87%
1 x USüdafrika
85%
1 x UUngarn
85%
1 x UAustralien
84%
1 x USüdkorea
84%
1 x USudan
83%
2 x USüdsudan
82%
1 x UPortugal
80%
1 x UGuinea
78%
1 x UNeuseeland
78%
1 x UParaguay
78%
1 x UTurkmenistan
78%
1 x UUkraine
78%
1 x UTunesien
76%
1 x URumänien
75%
2 x ULuxemburg
74%
1 x URuanda
74%
1 x UTürkei
74%
1 x UBulgarien
73%
1 x USaudi-Arabien
73%
1 x UPeru
72%
2 x UGuinea-Bissau
71%
2 x UBurundi
70%
1 x UKuba
69%
2 x UTuvalu
69%
1 x UKolumbien
67%
1 x UHonduras
66%
2 x UMauritius
66%
1 x UDemokratische Republik Kongo
65%
1 x UGuatemala
65%
1 x UGuyana
65%
1 x UPalau
65%
3 x UPapua-Neuguinea
65%
1 x UVenezuela
65%
2 x UNauru
64%
1 x URepublik Kongo
64%
1 x UMauretanien
63%
1 x UBhutan
62%
1 x USuriname
62%
1 x UBelarus
61%
2 x UVanuatu
61%
1 x UBrunei
59%
1 x UGabun
59%
3 x UAntigua und Barbuda
58%
1 x UDominikanische Republik
58%
1 x ULitauen
58%
2 x UÄquatorial-Guinea
57%
1 x UEcuador
57%
1 x USt. Lucia
57%
1 x UKuwait
56%
1 x UBurkina Faso
55%
1 x UKamerun
55%
1 x UNicaragua
55%
1 x UZentralafrikanische Republik
55%
1 x UDschibuti
51%
1 x USingapur
51%
1 x USt. Vincent und die Grenadinen
48%
1 x UElfenbeinküste
47%
1 x USt. Kitts und Nevis
47%
1 x UBosnien und Herzegowina
46%
1 x UTrinidad und Tobago
44%
1 x USão Tomé und Príncipe
42%

Verteilung der Resultate

Perzentil nach korrekt beantworteten Fragen

Anzahl Personen mit jedem Resultat

Ihre Resultats-Entwicklung

Sie haben dieses Quiz noch nicht gespielt